ბათუმის შოთა რუსთაველის სახელმწიფო უნივერსიტეტის ბიბლიოთეკა

ვეფხისტყაოსნის სიმფონია (ბიბ.ჩანაწერი № 35808)

000 -LEADER
fixed length control field 00842nam a2200205Ia 4500
001 - CONTROL NUMBER
control field 1696
003 - CONTROL NUMBER IDENTIFIER
control field GE_BSU
008 - FIXED-LENGTH DATA ELEMENTS--GENERAL INFORMATION
fixed length control field 181216s||||||||xx |||||||||||||| ||und||
040 ## - CATALOGING SOURCE
Transcribing agency GE_BSU
080 ## - UNIVERSAL DECIMAL CLASSIFICATION NUMBER
Universal Decimal Classification number 821.353.1
245 ## - TITLE STATEMENT
Title ვეფხისტყაოსნის სიმფონია
245 ## - TITLE STATEMENT
Remainder of title ძველი ქართული ენის კათედრის შომები.3
245 ## - TITLE STATEMENT
Statement of responsibility, etc. შედგენილია აკ. შანიძის ხელმძღვანელობით და შესავალით.
260 ## - PUBLICATION, DISTRIBUTION, ETC.
Place of publication, distribution, etc. თბილისი
260 ## - PUBLICATION, DISTRIBUTION, ETC.
Name of publisher, distributor, etc. თბილისის სახ. უნ–ტის გამ–ბა
260 ## - PUBLICATION, DISTRIBUTION, ETC.
Date of publication, distribution, etc. 1956
300 ## - PHYSICAL DESCRIPTION
Extent 428 გვ. 24 სმ.
653 ## - INDEX TERM--UNCONTROLLED
Uncontrolled term ვეფხისტყაოსნის სიმფონია
942 ## - ADDED ENTRY ELEMENTS (KOHA)
Koha item type წიგნი
ეგზემპლარები
Withdrawn status Lost status Damaged status Not for loan Date acquired Barcode Date last seen Price effective from Koha item type
        2018-12-17 3584 2018-12-17 2018-12-17 წიგნი